MDQL
is popping MORE tags! Check the
thread
!
Quizzes
Events
Quiz Creation
Community
Videos
Private Events
Remove Ads
Sign In
Join for FREE
Feedback
Dark Mode
Quiz Categories
Sports
Geography
Music
Movies
Television
Just For Fun
Miscellaneous
History
Literature
Language
Science
Gaming
Entertainment
Religion
Holiday
For Kids
Quiz Lab
Recent
Popular Today
Quiz Kudos Today
Editor Picks
Curator Picks
Quizzes by...
Day
Popularity
Type
Ratings
Length
Year
Community
Subscriptions
Recent Discussions
Orange Saloon
Badges
Playlists
Quests
Create
Leaderboards
Showdown
Live 5
Trivia Bingo
Activity
Puzzle Library
Sporcle Events
Private Events
Virtual Trivia
Globe League
Become a Host
Pub Owners
SporcleCon
Opinionation
Our Games
Videos
Blog
Mobile Apps
Partnerships
Remove Ads and Go Orange
Feedback
Science
Computer
Plants
Astronomy
Chemistry
Elements
Math
Animal
Physics
Anatomy
Biology
Geology
General Science
Science
Computer
Plants
Astronomy
Chemistry
Elements
Math
Animal
Physics
Anatomy
Biology
Geology
General Science
Random Quiz
Search Sporcle
×
Quiz Lab
Quiz Lab
Science
Family
Type in answers that appear in a list
Type in answers that appear in a list
Classic
Best Score? Go Orange.
Amphibians Stats
Can you name the Amphibians?
By
sgalen
10m
52 Questions
38 Plays
38 Plays
38 Plays
Comments
Comments
Give Quiz Kudos
Give Quiz Kudos
-
- Ratings
hide this ad
Replay
Link that replays current quiz
Next Quiz
Link to next quiz in quiz playlist
You Got
0%
They Got
Avg Score
52%
Avg Friend Score
Upgrade to see
Score Distribution
Jump to the score distribution portion of the page
Score
0/52
Timer
10:00
0
Plays Today
Common Name
Family Name
% Correct
Sirens
Sirenidae
84.2%
True Salamanders and Newts
Salamandridae
81.6%
True Frogs
Ranidae
81.6%
Amphiumas
Amphiumidae
78.9%
Giant Salamanders
Cryptobranchidae
76.3%
Lungless Salamanders
Plethodontidae
76.3%
Mole Salamanders
Ambystomatidae
76.3%
True Toads
Bufonidae
76.3%
Mudpuppies and Olm
Proteidae
73.7%
Pacific Giant Salamanders
Dicamptodontidae
68.4%
Tailed Frogs
Ascaphidae
68.4%
Disk-
tongued Frogs
Discoglossidae
68.4%
Treefrogs
Hylidae
68.4%
Tailless Caecilians
Caecilidae
65.8%
Fire-
bellied Toads
Bombinatoridae
65.8%
Tongueless Frogs
Pipidae
65.8%
Narrow-
mouthed Toads
Microhylidae
65.8%
Poison Dart Frogs
Dendrobatidae
65.8%
Asiatic Salamanders
Hynobiidae
63.2%
Torrent Salamanders
Rhyacotritonidae
57.9%
Mexican Burrowing Toad
Rhinophrynidae
57.9%
Spadefoots
Pelobatidae
57.9%
Parsley Frogs
Pelodytidae
55.3%
Seychelles Frogs
Sooglossidae
55.3%
Reed Frogs
Hyperoliidae
55.3%
Glass Frogs
Centrolenidae
52.6%
Common Name
Family Name
% Correct
Aquatic Caecilians
Typhlonectidae
50%
New Zealand Frogs
Leiopelmatidae
50%
Asian Tailed Caecilians
Ichthyophiidae
47.4%
Spadefoots
Scaphiopodidae
47.4%
Asian Treefrogs
Rhacophoridae
47.4%
Southern Frogs
Leptodactylidae
47.4%
Buried-
eyed Caecilians
Scolecomorphidae
44.7%
Asian Toadfrogs
Megophryidae
44.7%
No Name
Nasikabatrachidae
44.7%
Sub-
saharan Frogs
Arthroleptidae
44.7%
American Tailed Caecilians
Rhinatrematidae
42.1%
Midwife Toads
Alytidae
42.1%
Ghost Frogs
Heleophrynidae
42.1%
Shovel-
nosed Frogs
Hemisotidae
42.1%
Mouth-
brooding Frogs
Rhinodermatidae
42.1%
Short-
headed Toads
Brachycephalidae
39.5%
Indian Caecilians
Uraeotyphlidae
36.8%
Australian Frogs
Myobatrachidae
36.8%
Ruthven's Frogs
Allophrynidae
34.2%
Marsupial Frogs
Hemiphractidae
31.6%
No Name
Brevicipitidae
26.3%
No Name
Ceratophryidae
21.1%
No Name
Hylodidae
21.1%
Rain Frogs
Eleutherodactylidae
21.1%
Chilean Toads
Calyptocephalellidae
15.8%
Robber Frogs
Strabomantidae
10.5%
Quiz Playlist
Details
Report
Send in Message
Add To Playlist
Classic:
Type in answers that appear in a list
Last Updated: Feb 16, 2017
Quiz Scoreboard
CHALLENGE
Sign Up to Join the Scoreboard
Show All
Scores
Hide
Comments
May contain spoilers
Recently Published
Street Fighter Characters
by Artimus82
Gaming
60s
9x9 Crossword: Cartoon Network
by jackfrog10
Miscellaneous
3m
College Basketball Coaching Resumes
by pancakes188
Sports
9m
More to Explore
Quiz From the Vault
Featured Blog Post
Where Did the Easter Bunny Come From?
hide this ad
You Might Also Like...
Tags
Amphibian
common
Family
Today's Top Quizzes in Science
Browse Science
hide this ad
Today's Top Quizzes in Family
Browse Family
Top Contributed Quizzes in Science
1
Quick Pick: Radians
2
The First 100 Digits of Pi
3
Quick Pick: 'CI-CJ' Animals
4
Elements In Images
5
perfect squares 1-25
6
One Thing in Common: Science
7
One Thing in Common: Science II
8
One Thing in Common: Animals
9
Science Jokes
10
One Thing in Common: Science III
Explore More
Trending Topics
Marvel
NBA
Anime
Crossword
Kpop
Disney
Harry Potter
NFL
Soccer
Country
Song
Puzzle
WWE
The Office
Pokémon
hide this ad
More By:
sgalen
Quiz
Plays
Rating
Category
Featured
Created
Mammals
103
1.67
Science
Sep 25, 2009
Mammalian families
81
5.00
Science
Nov 1, 2009
Turtles, Lizards, and Tuataras
55
5.00
Science
Mar 7, 2010
Amphibians
38
Science
Mar 2, 2010
Amphisbaenians, Snakes, and Crocodylians
29
3.00
Science
Mar 12, 2010
Go to Creator's Profile
Score Distribution
Quiz Creator Spotlight
sgalen
Follow
Send a Message
Quizzes Created
-
Created Quiz Play Count
-
More By This Creator
Popular Quizzes Today
1
Find the US States - No Outlines Minefield
2
Find the Countries of Europe - No Outlines Minefield
3
The Countries of the World
4
Find the US States
5
Risky Map Clicking: Biggest States A-Z
6
US States
7
Popular People in 1961
8
Movies - When Are They Set?
More Science Quizzes
Letter Bag - Elements
Published
Trending Quizzes
Risky Map Clicking: Least Populous States A-Z
Countries of the World: 200 Million BC
1-10 Letter G Words
Risky Map Clicking: Next State Alphabetically
Adjectives in 80s TV Shows
Recently Updated
Leaping Animals
pecheneg
Reality TV Shows (A-Z)
bhenderson79
Rickey Henderson's Hall of Fame Teammates
pecheneg
Champions League XIs: Arsenal
pecheneg
Quick Pick: Celebrities in WWE's Hall of Fame
aduchscher
A-Z Keypad Blitz II
pecheneg
Multiple Oscar Actors
pecheneg
Mystery Phrase Blitz: Oscar 'Best Actors'
pecheneg
F. Scott Fitzgerald Novels
LTH
Pick 3 Villains
ddd62291
Trending Topics
Anime
Kpop
NBA
Disney
Crossword
Harry Potter
Marvel
Song
Country
Soccer
WWE
The Office
Pokémon
NFL
Puzzle
Your Account Isn't Verified!
In order to create a playlist on Sporcle, you need to verify the email address you used during registration. Go to your
Sporcle Settings
to finish the process.
Report this User
Report this user for behavior that violates our
Community Guidelines
.
Details:
Send Report
Go to the Sporcle.com Mobile Site →
Comments